Gaming Quiz

Random Gaming or Mario Quiz

Super Mario 3D Land Enemies Quiz Stats

 Plays Quiz not verified by Sporcle

Also try: Monopoly on a Map
Challenge
Share
Tweet
Embed
Score 0/64 Timer 20:00
0 Plays Today
% Correct
Goomba
93.6%
Tail Goomba
92.6%
False Bowser
90.3%
Boo
89.4%
Grand Tail Goomba
88.3%
Bowser
87.5%
Dry Bowser
87.5%
Koopa Troopa
87.2%
Tail Boo
87.2%
Big Boo
86.2%
Boom Boom
81.9%
Thwomp
80.9%
Hammer Bro.
78.7%
Spiny
78.3%
Bullet Bill
77.7%
Tail Thwomp
77.7%
Pom Pom
76.4%
Boomerang Bro.
75.5%
Cheep-Cheep
73.4%
Bob-omb
72.3%
Dry Bones
72.3%
Piranha Plant
71.3%
Tail Bob-omb
70.2%
Magikoopa
69.1%
Blooper
66%
Paragoomba
64.9%
Pokey
63.8%
Tail Bullet Bill
62.8%
Ball 'n' Chain
60.6%
Chain Chomp
60.6%
Wallop
58.5%
Banzai Bill
57.4%
% Correct
Fake Block
57.4%
Biddybud
56.4%
Inky Piranha Plant
56.4%
Monty Mole
56.4%
Fuzzy
55.3%
Porcupuffer
55.3%
Draglet
54.3%
Para-Biddybud
54.3%
Spike Eel
54.3%
Giant Spiked Ball
54.2%
Peepa
52.1%
Podoboo
52.1%
Magmaargh
51.1%
Prongo
51.1%
Sandmaargh
51.1%
Spiked Ball
50%
Blokkablok
48.9%
Morty Mole
48.9%
Rocky Wrench
48.9%
Cosmic Clone
47.9%
Stingby
47.9%
Goomba Tower
46.8%
Coin Coffer
44.7%
Venus Fire Trap
44.7%
Flophopper
43.6%
Firebar
42.6%
Bill Blaster
40.4%
Banzai Bill Blaster
40.3%
Spiky Plant
38.3%
Grinder
35.1%
Rocket Engine
35.1%
Spiked Pillar
33%

You're not logged in!

Compare scores with friends on all Sporcle quizzes.
OR
Log In

You Might Also Like...

Show Comments

Extras

Created Mar 16, 2012ReportNominate
Tags:Mario Quiz, enemy, land

Top Quizzes Today


Score Distribution

Your Account Isn't Verified!

In order to create a playlist on Sporcle, you need to verify the email address you used during registration. Go to your Sporcle Settings to finish the process.

Report this User

Report this user for behavior that violates our Community Guidelines.

Details: